The Simpsons Characters - Statistics

General Stats
  • This quiz has been taken 736 times
    718 since last reset
  • The average score is 52 of 201
Answer Stats
Hint Answer % Correct
Father Of The Simpsons Homer
99%
Son Of The Simpsons Bart
98%
Daughter Of The Simpsons Lisa
98%
Mother Of The Simpsons Marge
98%
Baby Of The Simpsons Maggie
97%
Tavern Owner Moe
83%
Next Door Neighbor Of The Simpsons Ned Flanders
83%
Famous Clown Krusty The Clown
82%
Clerk At The Kwik-E-Mart Apu
81%
Boss Of The Power Plant Mr. Burns
81%
Dog Of The Simpsons Santa's Little Helper
80%
Principal Of Springfield Elementary Skinner
78%
Bart's Best Friend Milhouse
76%
Groundskeeper Of Springfield Elementary Willie
75%
Assistant Of ^ Smithers
74%
Innocent But Stupid Child Of Chief Wiggum Ralph
73%
Homer's Friend And Fellow Plant Worker Lenny
72%
Son 1 Of Ned Flanders Rod
72%
Son 2 Of Ned Flanders Todd
72%
Town Drunk Barney
71%
Homer's Friend And Fellow Plant Worker Carl
69%
Marge's Sister Selma
69%
Marge's Sister Patty
68%
Evil Villain Who Vows To Kill Bart Simpson Sideshow Bob
68%
Violent Cartoon Mouse Itchy
65%
Dead Wife Of Ned Flanders Maude
65%
Bully Nelson
64%
Violent Cartoon Cat Scratchy
64%
Bus Driver Otto
63%
Mob Boss Fat Tony
62%
Comic Book Store Owner Comic Book Guy
61%
Police Chief Of Springfield Chief Wiggum
60%
Grandfather Of The Simpsons Grandpa
57%
Brainiac Of Springfield Elementary Martin
57%
Duff Beer Mascot Duffman
55%
Superintendent Of Springfield Superintendent Chalmers
55%
Mayor Of Springfiled Mayor Quimby
53%
The Simpsons Doctor Dr. Hibbert
52%
Town Redneck Cletus
51%
Bully Jimbo Jones
51%
Reverend Of The Church Reverend Lovejoy
51%
Cop Lou
50%
Cat Of The Simpsons Snowball II
48%
Comedic Doctor Dr. Nick
45%
Bart's Former Teacher And Ned's Second Wife Mrs Krabappel
43%
Geeky Professor Professor Frink
43%
Assistant Of Krusty The Clown Sideshow Mel
43%
Springfield News Reporter Kent Brockman
42%
Creator Of The Simpsons Matt Groening
39%
Milhouse's Dad Kirk
38%
Owner Of His Own Disco Disco Stu
37%
Cop Eddie
36%
Skinner's Mom Agnes
35%
Spanish Man Who Dresses Like Insect Bumblebee Man
35%
Cool Cartoon Dog Poochie
35%
Bart's Favorite Superhero Radioactive Man
34%
Pig Superhero Spider-Pig
33%
Wife Of Reverend Lovejoy Helen Lovejoy
32%
Milhouse's Mom Luann
32%
Italian Restaurant Owner Luigi
32%
Alien Kang
31%
Lisa's Teacher Ms. Hoover
31%
Girl Twins Sherri And Terri
31%
Bully Kearney
30%
Lunchlady At Springfield Elementary Lunchlady Doris
30%
Apu's Wife Manjula
30%
Surfer-Dude Sounding Crook Snake
30%
Springfield Actor Who Plays McBane Wolfcastle
30%
Bully Dolph
29%
Candy Loving German Exchange Student Uter
28%
Alien Kodos
27%
Homer's Mom Mona
27%
Old Man Who Likes A Good Paddlin' Jasper
26%
Billionaire Ex-Boyfriend Of Marge Simpson Artie Ziff
25%
Old Cat Loving Woman Crazy Cat Lady
25%
Old Man Who Has Extremely Bad Luck Hans Moleman
25%
Founder Of Springfield Jebediah Springfield
25%
Desperate And Incompetent Lawyer Lionel Hutz
24%
Wife Of Cletus Brandine
23%
Former Plant Worker And Homers Enemy Frank Grimes
22%
Mother Of Laura Powers Ruth Powers
22%
Wife Of Chief Wiggum Sarah Wiggum
22%
Sidekick Of Bart's Favorite Superhero Fallout Boy
21%
Mafia Member Who Says Nothing Johnny Tightlips
21%
Daughter Of Ruth Powers Laura Powers
21%
Apu's Brother Sanjay
21%
Bart's Elephant Stampy
21%
Wealthy Cowboy The Rich Texan
21%
B-List Actor Whose Real Life Actor Died Troy McClure
21%
Daughter Of Reverend Lovejoy Jessica Lovejoy
20%
Nerd Who Has A Weird Name Database
18%
One Of Lisa's Best Friends Janey Powell
18%
Idol And Role Model Of Lisa Simpson Bleeding Gums Murphy
17%
Former Boxer And World Heavyweight Champion Drederick Tatum
17%
Evil Owner Of Globex Hank Scorpio
17%
Marge's Mother Jaqueline Bouvier
17%
Patty And Selma's Iguana Jub-Jub
17%
Mafia Member Legs
17%
Female Plant Worker Who Homer Falls For Mindy
17%
Krusty The Clown's Monkey Mr. Teeny
17%
Teen Who Works Everywhere Squeaky Voice Teen
17%
Somewhat Sexy Vampire Lady Booberella
16%
Mafia Member Louie
16%
Helicopter Traffic Reporter Arnie Pye
15%
Sideshow Bob's Brother Cecil Terwilliger
15%
Owner Of Military Antique Shop Herman
15%
Homer's Brother Herb Powell
14%
Family Therapist And Counselor Marvin Monroe
14%
Jimbo Jones' Girlfriend Shauna
14%
Hollywood Movie Star Who Worked At The Kwik-E-Mart James Woods
13%
African-American Student Lewis Clark
13%
One Of Cletus' Children And Bart's Former Girlfriend Mary
13%
Always Sick Kid Wendell Borton
13%
Asian Relator Cookie Kwan
12%
Unsuccessful Businessman/Giant Loser Gil Gunderson
12%
Maggie's Rival Baby Gerald
11%
Wife Of Dr. Hibbert Bernice
11%
Adopted Daughter Of Selma Ling Bouvier
11%
Monorail Con Artist Lyle Lanley
11%
Nephew Of Mayor Quimby (Its Chowder, Say It Right!) Freddy Quimby
10%
Daredevil Lance Murdock
10%
Beauty Pageant Winner And Mayor Quimby's Secret Lover Miss Springfield
10%
Nelson's Mother Mrs. Muntz
10%
"Old Gray Mare She Ain't What She Used To Be" Old Jewish Man
10%
Lawyer With Really Uncreative Name Blue-Haired Lawyer
9%
Bowling Instructor Who Is In Love With Marge Jacques
9%
Barfly At Moe's Larry
9%
Lisa's Substitute Teacher Mr. Bergstrom
9%
Owner Of The Happy Sumo Akira
8%
Barfly At Moe's Sam
8%
Music Teacher Dewey Largo
7%
Mafia Member Who Loves To Squeal Frankie The Squealer
7%
Leader Of The Stonecutters Number 1
7%
Lisa's Rival Allison Taylor
6%
Sea Captain Captain McCallister
6%
University Nerd Gary
6%
Judge Of Springfield Judge Snyder
6%
Wife Of Mayor Quimby Martha Quimby
6%
Krusty The Clown's Father Rabbi Krustofsky
6%
Man Who Always Has Different Jobs Wise Guy
6%
Homer Simpson's Vegas Wife Amber Simpson
5%
Grandpa's Deceased Girlfriend Beatrice Simmons
5%
University Nerd Benjamin
5%
University Nerd Doug
5%
Wife Of Sideshow Bob Francesca Terwilliger
5%
Son Of Sideshow Bob Gino Underdunk Terwilliger
5%
Apu's Nephew And Former Owner Of Quick & Fresh Jay
5%
Assistant Superintendent Leopold
5%
Cat Burglar Molloy
5%
Replacement Chief Of Police And U.S. Treasury Agent Rex Banner
5%
Leader Of The EPA Russ Cargill
5%
Mexican "Superhero" And Doorbell Fixer Senor Ding Dong
5%
Owner Of La Maison Derrière Belle
4%
Original Creator Of Itchy And Scratchy Chester Lampwick
4%
British Documentary Filmmaker Declan Desmond
4%
Ned Flanders Vegas Wife Ginger Flanders
4%
Daughter Of Rainier Wolfcastle Greta Wolfcastle
4%
Groundskeeper Willie's Irish Rival Groundskeeper Seamus
4%
The Babysitter Bandit Lucille Botzcowski
4%
Hungarian Gymnastics Instructor Lugash
4%
Son Of Fat Tony Michael D'Amico
4%
Chairman Of Costington's Department Store Mr. Costington
4%
Chairman Of Itchy And Scratchy Studios Roger Myers Jr.
4%
Daughter Of Krusty The Clown Sophie Krustofsky
4%
Lisa's Future Daughter Zia Simpson
4%
Springfield's Political Commentator Birch Barlow
3%
One Of Cletus' Many Children Birthday
3%
Coach Who Loves BOMBARDMENT! Coach Krupt
3%
Mother Of Sideshow Bob Dame Judith Underdunk
3%
Father Of Sideshow Bob Dr. Robert Terwilliger
3%
One Of Cletus' Many Children Dubya
3%
Cool Comic Book Store Owner Voiced By Jack Black Milo
3%
The Rich Texan's Daughter Paris Texan
3%
Owner Of Ajax Steel Mill Roscoe
3%
Monorail Scientist Sebastian Cobb
3%
Founder Of Shelbyville Shelbyville Manhattan
3%
Homer's Spirit Guide Who Sounds An Awful Lot Like Johnny Cash Space Coyote
3%
One Of Cletus' Many Children Whitney
3%
Illegal Immigrant Worker At The Plant Zutroy
3%
Foreign Exchange Student And Spy From Albania Adil Hoxha
2%
Faith Healer Brother Faith
2%
Ballet Teacher Chazz Busby
2%
Female Coach At Springfield Elementary Coach Pommelhorst
2%
Bart's Former Girlfriend Voiced By Natalie Portman Darcy
2%
Mob Boss That Looks Like A Vampire Don Vittorio
2%
Roman Catholic Priest Father Sean
2%
Bart's Former Girlfriend From Juvie Gina Vendetti
2%
Mr. Burns Arch-Enemy's Goose Goosius
2%
Mr. Burns Arch-Enemy Jay G
2%
Teenage Environmentalist Jesse Grass
2%
Bart's Former Cool Skateboarding Girlfriend Nikki McKenna
2%
Sibling Orphans Patches And Poor Violet
2%
Celebrity Chef Who Challenges Homer To An "Eat Down" Scotty Boom
2%
Creator Of Malibu Stacy Dolls Stacy Lovell
2%
Irish Bartender Tom O' Flanagan
2%
Son Of Celebrity Chef Tyler Boom
2%
Jazz Pianist Voiced By Ed Sheeran Brendan Beiderbecke
1%
Ventriloquist And His Dummy Gabbo And Arthur
1%
Curator Of The Springfield Historical Society Hollis Hurlbut
1%
The Simpson's African Tour Guide Kitenge
1%
Springfield's Sanitation Commissioner Who Homer Runs Against Ray Patterson
1%
No matching quizzes found
Score Distribution
Percent of People with Each Score
Percentile by Number Answered
Your Score History
You have not taken this quiz since the last reset